5-Letter Capitals - Statistics

General Stats
  • This quiz has been taken 566 times
  • The average score is 16 of 22
Answer Stats
5-letter capital % Correct
Paris
89%
Cairo
86%
Tokyo
86%
Rabat
79%
Quito
78%
Tunis
78%
Abuja
76%
Accra
76%
Dhaka
75%
Seoul
75%
Dakar
74%
Hanoi
74%
Minsk
73%
Sana'a
72%
Amman
70%
Sofia
67%
Vaduz
65%
Kabul
64%
Yaren
62%
Praia
60%
La Paz
52%
Sucre
51%
No matching quizzes found
Score Distribution
Percent of People with Each Score
Percentile by Number Answered
Your Score History
You have not taken this quiz